1700 1266 1265 1208 1497 1386 1869 1779 1407 1042 1065 1359 1158 1554 1617 1997 1600 1369 1174 1994 1705 1249 1506 1369 1367 1766 1407 1506 1195 1736 1966 1129 1996 1431 1076 1841 1804 1354 1117 1222 1135 1918 1112 1107 1483 1120 1575 1014 1748 1740 1870 1606 1671 1984 1684 1273 1193 1362 1614 1613 1312 1546 1983 1457 1005 1555 1778 1549 1120 1236 1738 1624 1700 1236 1455 1412 1583 1655 1518 1296 1309 1398 1012 1534 1480 1939 1278 1148 1548 1293 1233 1771 1662 1381 1537 1703 1530 1932 1048 BCNSPRNW ULIB Ver.6.0+V

เปลี่ยนเป็นภาษาไทย

Change to English
 แสดงรายละเอียดบรรณานุกรม
  กลับหน้าหลัก

Brief Record : Get Marc (ISO 2709) : E-mail record : QR code < ปิดหน้าต่าง
LEADER : 00000nam 2200000uu 4500
001    13399112073
003     ULIB
008    110627s2552||||th 000 0 tha d
099    วจ.WY18.5^bช617ป
100 0  ชุติมา ชลประทิน
245 00 ปัจจัยที่สัมพันธ์กับผลการสอบความรู้ผู้ขอขึ้นทะเบียนเพื่อรับใบอนุญาตเป็นผู้ประกอบวิชาชีพการพยาบาลและการผดุงครรภ์ ชั้นหนึ่ง วิชาการพยาบาลมารดาและทารก และวิชาการผดุงครรภ์ของผู้สำเร็จการศึกษาจากวิทยาลัยพยาบาลบรมราชชนนี สวรรค์ประชารักษ์ นครสวรรค์/^cชุติมา ชลประทิน
260    นครสวรรค์ :^bวิทยาลัยพยาบาลบรมราชชนนี สวรรค์ประชารักษ์ นครสวรรค์,^c2552
300    99 หน้า
650  7 วิทยาลัยพยาบาลบรมราชชนนี สวรรค์ประชารักษ์ นครสวรรค์
650  7 วิชาชีพพยาบาล
945    ^p0^l0^i027802
995    ทศพร
999 ^a ใช้งานได้ทุกระบบ
รายการนี้ยังไม่มีแท็ก
คุณยังไม่ได้ล็อกอิน คุณสามารถมีกิจกรรมร่วมกับเว็บไซต์ได้ แต่ต้องล็อกอินก่อน ::
  ล็อกอิน

รายการสื่อสารสนเทศ

ลำดับที่ ประเภท เลขเรียก/บาร์โค้ด สถานที่ สถานะ
- ไม่พบข้อมูล -

รายการใกล้เคียง
    ผู้แต่ง [ชุติมา ชลประทิน]

    หัวเรื่อง [วิทยาลัยพยาบาลบรมราชชนนี สวรรค์ประชารักษ์ นครสวรรค์]
    หัวเรื่อง [วิชาชีพพยาบาล]

BibComment


ยังไม่เคยถูกคอมเมนท์

คอมเมนท์ทรัพยากรรายการนี้
  คอมเมนท์: ปัจจัยที่สัมพันธ์..


 Copyright 2026. Bcnsprnw @Library